000 00360nam a22001217a 4500
999 _c13693
_d13693
082 _a808.8503
_bع ب د
100 _aعبدالقادر،قاضی
245 _aیادوں کی تسبیح
260 _aکراچی
_bمکتبہ الہدا
_c٢٠٠٨
300 _a٣٩١ صفحات
650 _aBiography, Yadon ki tasbeeeh, Qazi Abdul Qadir
942 _cBK